000
00327nam a2200133Ia 4500
008
210210b1980 xxu||||| |||| 00| 0 eng d
082
_a
S891.4 RAMS
100
_a
RAMAKAVI.
245
_a
Sangita Raghavam.
260
_a
Maisuru
_b
Vishvavidyalaya
_c
1980
300
_a
63
690
_a
Sanskrit Prose & Champu
906
_a
SG02472
999
_c
113380
_d
113380